Ils ont déclaré ouverts des jeux d'été mais lesquels ? - Statistiques

Statistiques générales
  • Ce quiz a été pris 18 fois
  • Le résultat moyen est 19 sur 28
Statistiques - réponses
Hint Explanation Réponse % Correct
Juan Carlos Ier Roi d'Espagne Barcelone 1992
100%
Adolf Hitler Chancelier d'Allemagne Berlin 1936
100%
Gustavo Díaz Ordaz Président mexicain Mexico 1968
100%
Léonid Brejnev Président du Soviet Suprême Moscou 1980
100%
Emmanuel Macron Président de la République française Paris 2024
100%
Gaston Doumergue Président de la République française Paris 1924
94%
Giovanni Gronchi Président de la République italienne Rome 1960
94%
Albert Ier Roi des Belges Anvers 1920
88%
Bill Clinton Président des États-Unis Atlanta 1996
88%
Édouard VII Roi du Royaume-Uni Londres 1908
88%
George VI Roi du Royaume-Uni Londres 1948
88%
Ronald Reagan Président des États-Unis Los Angeles 1984
88%
Élisabeth II Reine du Canada / Reine du Royaume-Uni Montréal 1976 | Londres 2012
88%
Roh Tae-woo Président de la Corée du Sud Séoul 1988
88%
Hirohito Empereur du Japon Tokyo 1964
82%
Gustav Heinemann Président fédéral Munich 1972
76%
Konstantínos Stephanópoulos Président de la République hellénique Athènes 2004
65%
Naruhito Empereur du Japon Tokyo 2020
65%
Juho Kusti Paasikivi Président de la Finlande Helsinki 1952
59%
Henri de Mecklembourg-Schwerin Prince des Pays-Bas Amsterdam 1928
53%
Gustave V Roi de Suède Stockholm 1912
47%
Charles Curtis Vice-président des États-Unis Los Angeles 1932
41%
Hu Jintao Président de la république populaire de Chine Pékin 2008
41%
David R. Francis Président de la Louisiana Purchase Exposition Saint-Louis 1904
41%
William Deane Gouverneur général d'Australie Sydney 2000
29%
Georges Ier Roi des Hellènes Athènes 1896
18%
Michel Temer Président de la République fédérative du Brésil Rio de Janeiro 2016
12%
Philip Mountbatten Duc d'Édimbourg Melbourne 1956
6%
Aucun quiz correspondant
Distribution des résultats
% des personnes avec chaque résultat
Percentile par nombre de réponses
Votre historique - résultats
Vous n’avez pas pris ce quiz